000 01142nam a2200277 i 4500
001 185225
003 SpMaBN
005 20250916203106.0
008 160419s2003 sp |||| |bspa d
080 _a929 Chaplin, Charlie
100 1 _aVillegas López, Manuel,
_d1906-1980
_9115221
245 1 0 _aCharles Chaplin
_b: el genio del cine /
_cManuel Villegas López ; prólogo de E. Rodríguez Marchante.
250 _aEd. especial para este periódico.
260 _a[Barcelona] :
_bABC :
_bFolio,
_c[2003]
300 _a409 p. ;
_c21 cm.
490 1 _aBiblioteca ABC. Protagonistas del s. XX ;
_v14. Las biografías que construyeron el siglo
504 _aBibliografía: p. [385]-387.
504 _aFilmografía: p. [389]-409.
600 1 4 _aChaplin, Charlie,
_d1889-1977-
_xBiografías
_938022
700 1 _aRodríguez Marchante, Oti.
_9159390
710 2 _aDiario ABC.
_91137
830 1 0 _aBiblioteca ABC. Protagonistas del s. XX
_v14. Las biografías que construyeron el siglo
_9192266
852 4 _aES-MaACL
_jA-13702
_9192245
_bR.150376
_cDEPO1
_dOlim: N-6702
_xEnc. cart.
942 _2udc
999 _c185225
_d185225